A guide to industrial purchasing /
Guardado en:
| Autor Corporativo: | |
|---|---|
| Formato: | Libro |
| Idioma: | English |
| Publicado: |
New York :
United Nations,
1972.
|
| Series: | [United Nations. Document] : ID/82
|
| Materias: | |
| Etiquetas: |
Agregar Etiqueta
Sin Etiquetas, Sea el primero en etiquetar este registro!
|
| LEADER | 00923cam a22002415a 4500 | ||
|---|---|---|---|
| 001 | EIQ.libpla001568 | ||
| 008 | 740220s1972####nyu######b###i000#0#eng#d | ||
| 005 | 20061109180045.0 | ||
| 245 | 1 | 2 | |a A guide to industrial purchasing / |c United Nations Industrial Development Organization (UNIDO). |
| 260 | |a New York : |b United Nations, |c 1972. | ||
| 300 | |a x, 45 p. ; |c 24 cm. | ||
| 490 | 1 | |a [United Nations. Document] : ID/82 | |
| 500 | |a "United Nations publication. Sales no.: E72.II.B.19." | ||
| 500 | |a La biblioteca posee ed. en español. | ||
| 504 | |a Bibliografía: p. 43-45. | ||
| 810 | 2 | |a United Nations ; |t Document |v ID/82 | |
| 082 | 0 | 0 | |a 300/.8 s |a 658.7/2 |
| 650 | 4 | |a Adquisición industrial |x Guía. | |
| 650 | 4 | |a Industrial procurement |x Guide. | |
| 010 | |a 74153920 | ||
| 040 | |a DLC |c DLC |d AR-BbSID | ||
| 110 | 2 | |a United Nations Industrial Development Organization. | |
| 859 | |a AR-BbSID |b BIB. PLAPIQUI |h 658.728 |i N 113 |p 1458 | ||
